Guess the Country From the 4th Largest City - Statistics

General Stats
  • This quiz has been taken 187 times
  • The average score is 9 of 20
Answer Stats
City/Town Population Answer % Correct
Lille 1,047,075 France
100%
Frankfurt 3,275,000 Germany
100%
Mecca 2,200,000 Saudi Arabia
100%
Leeds 2,150,000 United Kingdom
100%
Washington 8,550,000 United States
100%
Perth 2,075,000 Australia
93%
Hai Phong 841,520 Vietnam
92%
Sevilla 1,300,000 Spain
90%
Chéngdū 15,200,000 China
89%
Turin 1,610,000 Italy
89%
Gent 377,951 Belgium
80%
Łódź 672,185 Poland
80%
Žilina 80,386 Slovakia
80%
Pretoria 1,763,336 South Africa
79%
Sapporo 2,500,000 Japan
78%
Salzburg 231,124 Austria
77%
Trondheim 191,771 Norway
77%
Novosibirsk 1,700,000 Russia
76%
Bursa 2,125,000 Turkey
75%
Irákleion 157,452 Greece
73%
Galway 79,934 Ireland
71%
Hamilton 176,500 New Zealand
70%
Iași 303,000 Romania
70%
Chiang Mai 336,007 Thailand
70%
Barranquilla 2,150,000 Colombia
69%
Utrecht 382,520 Netherlands
69%
Plzeň 175,219 Czech Republic
67%
Bengaluru 12,700,000 India
67%
Porto Alegre 4,150,000 Brazil
64%
Ibadan 3,675,000 Nigeria
64%
Páfos 67,800 Cyprus
63%
Uppsala 233,839 Sweden
63%
Celje 37,392 Slovenia
62%
Kragujevac 150,835 Serbia
61%
Zenica 70,553 Bosnia and Herzegovina
58%
Braga 175,836 Portugal
58%
Mary 159,000 Turkmenistan
58%
Osijek 84,104 Croatia
57%
Mendoza 1,053,500 Argentina
54%
Medan 4,075,000 Indonesia
54%
Lausanne 433,676 Switzerland
53%
Narayanganj 709,381 Bangladesh
50%
Oulu 205,137 Finland
50%
Šiauliai 101,862 Lithuania
50%
Daejeon 1,520,000 South Korea
50%
Latakia 383,786 Syria
47%
Montego Bay 110,115 Jamaica
44%
Cetinje 13,918 Montenegro
43%
Ahvāz 1,410,000 Iran
40%
Puebla 4,025,000 Mexico
40%
Al Ain 496,205 United Arab Emirates
38%
Le'auva'a 3,457 Samoa
36%
Holguín 299,498 Cuba
33%
San Miguel 201,900 El Salvador
33%
Miskolc 154,521 Hungary
33%
Selfoss 9,056 Iceland
33%
Aktobe 556,976 Kazakhstan
33%
Karakol 81,522 Kyrgyzstan
33%
Bafoussam 239,287 Cameroon
31%
Ipoh 665,600 Malaysia
29%
Lumut 9,462 Brunei
25%
Pétionville 271,175 Haiti
25%
Baalbek 85,000 Lebanon
25%
Kaolack 233,708 Senegal
25%
Nyālā 492,984 Sudan
25%
La Chorrera 118,521 Panama
21%
Zawiya 91,603 Libya
20%
San Lorenzo 258,900 Paraguay
20%
Nonthaburi 415,138 Thailand
20%
La Ceiba 199,080 Honduras
19%
Assomada 21,297 Cape Verde
18%
Paysandú 76,412 Uruguay
17%
Peć 48,962 Kosovo
15%
Koidu 124,662 Sierra Leone
15%
Huambo 595,304 Angola
14%
Zomba 109,800 Malawi
14%
Vagharshapat 46,400 Armenia
13%
Gelaphu 9,858 Bhutan
13%
Pärnu 38,347 Estonia
13%
Ségou 133,501 Mali
13%
Auki 6,695 Solomon Islands
13%
Russeifa 472,604 Jordan
12%
Hamad Town 52,718 Bahrain
11%
Ruiru 490,120 Kenya
11%
Takoradi 311,206 Ghana
10%
Kesbewa 185,122 Sri Lanka
10%
La Massana 10,750 Andorra
9%
Luba 9,011 Equatorial Guinea
8%
Lusignan 18,928 Guyana
8%
Muttrah 230,881 Oman
8%
Dundas Town 2,890 Bahamas
0%
Rumonge 35,931 Burundi
0%
La Serena 401,938 Chile
0%
Kananga 1,210,000 D.R. Congo
0%
Kitti 6,470 F.S. Micronesia
0%
Rustavi 128,680 Georgia
0%
Ciceron 3,577 Saint Lucia
0%
Lelydorp 18,663 Suriname
0%
Arusha 416,42 Tanzania
0%
Arima 33,606 Trinidad and Tobago
0%
No matching quizzes found
Score Distribution
Percent of People with Each Score
Percentile by Number Answered
Your Score History
You have not taken this quiz